000 00319nam a22001217a 4500
999 _c10299
_d10299
003 OSt
008 201217b ||||| |||| 00| 0 eng d
245 _aJournal of Entrepreneurship
250 _a2013(Mar Vol.22 No.1, Sep Vol.22 No.2)
260 _aNew Delhi
_bSAGE Publications
650 _aManagement
942 _2ddc
_cBV